000 00998nam a2200229Ia 4500
999 _c36108
_d36108
001 2008
003 GE_BSU
005 20221006121653.0
008 181216s2007||||ru |||||||||||||| ||rus||
020 _a9785949351246
040 _cGE_BSU
041 _arus
080 _a341.226(075.8)+347.82(075.8) Б-82
100 _aБордунов, В. Д.
_9348
245 _aМеждународное воздушное право /
_cВ. Д. Бордунов.
_b
264 _aМосква :
_bНоц.ВКШ "Авиабизнес,
_c2007.
300 _a464 с.
653 _aსამართალი
653 _aსაჰაერო სამართალი
760 _bhttp://185.10.129.239:8081/buki_web/Fulltext/%D0%9A%D0%BE%D0%BD%D1%81%D1%83%D0%BB%D1%8C%D1%82%D0%B0%D0%BD%D1%82%202011/PDF/Sovremenniki/bordunov.pdf
942 _cBK
_2udc
_nhttp://185.10.129.239:8081/buki_web/Fulltext/%D0%9A%D0%BE%D0%BD%D1%81%D1%83%D0%BB%D1%8C%D1%82%D0%B0%D0%BD%D1%82%202011/PDF/Sovremenniki/bordunov.pdf